Angličtina pre poslucháčov SVŠT /

Uloženo v:
Podrobná bibliografie
Hlavní autor: Smrčinová, Dagmar
Další autoři: Galata, Jozef 1942-, Urbánek, Štefan
Médium: Kniha
Jazyk:slovenština
angličtina
Vydáno: Bratislava : Slovenská vysoká škola technická v Bratislave, 1989
Vydání:Preprac. vyd. 3. dotlač.
Témata:
On-line přístup: Získat plný text
Tagy: Přidat tag
Žádné tagy, Buďte první, kdo vytvoří štítek k tomuto záznamu!

MARC

LEADER 00000nam a2200000 4500
003 SK-BrCVT
005 20220906172225.0
008 880101s1989 cs e ||||||slo d
035 |a CVTIDW0885000 
040 |b slo  |a CVTI SR 
041 0 |a slo  |a eng 
044 |a cs 
080 |a 802.0:62(075.8)  |2 UDC-MRF 
100 1 |a Smrčinová, Dagmar  |9 23764 
245 1 0 |a Angličtina pre poslucháčov SVŠT /  |c Dagmar Smrčinová, Jozef Galata, Štefan Urbánek 
250 |a Preprac. vyd. 3. dotlač. 
260 |a Bratislava :  |b Slovenská vysoká škola technická v Bratislave,  |c 1989 
300 |a 116 s. 
653 1 |a angličtina 
692 |a JM MM 
700 1 |a Galata, Jozef  |d 1942-,  |9 21151 
700 1 |a Urbánek, Štefan 
910 |b S514175 
974 |f Knihy 
992 |a ASK 
999 |c 32905  |d 32905